Living Colour - This is the Life Lyrics - Statistics

General Stats
  • This quiz has been taken 2 times
  • The average score is 163 of 257
Answer Stats
Answer % Correct
A
100%
Be
100%
Is
100%
Life
100%
Love
100%
The
100%
This
100%
You
100%
Your
100%
All
50%
Always
50%
Another
50%
Are
50%
Funny
50%
Have
50%
In
50%
It
50%
It's
50%
Jokes
50%
Kind
50%
Like
50%
Loved
50%
More
50%
Never
50%
No
50%
Of
50%
One
50%
Ones
50%
Other
50%
Perfect
50%
Real
50%
Special
50%
That
50%
There
50%
Think
50%
Those
50%
To
50%
Treat
50%
Try
50%
Victim
50%
You're
50%
Been
0%
Better
0%
Blind
0%
But
0%
Car
0%
Change
0%
Cheats
0%
Clear
0%
Cry
0%
Desert
0%
Die
0%
Drive
0%
Ever
0%
Everything
0%
Face
0%
Fear
0%
Free
0%
Friends
0%
From
0%
Game
0%
Genius
0%
Heart
0%
Hero
0%
Hurts
0%
Less
0%
Lie
0%
Lonely
0%
Lot
0%
Make
0%
Might
0%
Money
0%
Relief
0%
Star
0%
Thief
0%
Win
0%
Woman
0%
You'd
0%
No matching quizzes found
Score Distribution
Percent of People with Each Score
Percentile by Number Answered
Your Score History
You have not taken this quiz